Sociálne zabezpečenie od 1. januára 2001 nemocenské poistenie a dôchodkové zabezpečenie

Právna úprava zákona NR SR 274/1994 Z.z. o sociálnej poisťovni a nemocenského poistenia a dôchodcovského zabezpečenia podľa zákona č. 54/1956 Zb. o nemocenskom poistení zamestnancov v znení neskorších predpisov a podľa zákona č. 100/1988 Zb. o sociálnom zabezpečení v znení neskorších predpisov.

Guardado en:
Detalles Bibliográficos
Autor principal: Pauličková, Alena
Formato: Capítulo de libro
Lenguaje:eslovaco
Materias:
Etiquetas: Agregar Etiqueta
Sin Etiquetas, Sea el primero en etiquetar este registro!

MARC

LEADER 00000naa a2200000 4500
001 r040564
005 20230720102524.6
041 0 |a slo 
044 |a SK 
245 1 0 |a Sociálne zabezpečenie od 1. januára 2001  |b nemocenské poistenie a dôchodkové zabezpečenie  |c Alena Pauličková 
520 |a Právna úprava zákona NR SR 274/1994 Z.z. o sociálnej poisťovni a nemocenského poistenia a dôchodcovského zabezpečenia podľa zákona č. 54/1956 Zb. o nemocenskom poistení zamestnancov v znení neskorších predpisov a podľa zákona č. 100/1988 Zb. o sociálnom zabezpečení v znení neskorších predpisov. 
610 2 0 |a poistenie nemocenské 
610 2 0 |a poistenie sociálne 
610 2 0 |a poistné 
610 2 0 |a dôchodcovia 
610 2 0 |a zabezpečenie dôchodkové 
610 2 0 |a zabezpečenie sociálne 
610 2 0 |a Slovensko 
610 2 0 |a úpravy právne 
610 2 0 |a zákony 
100 1 |a Pauličková, Alena